Najwięksi światowi eksporterzy ropy - Statystyki

Ogólne statystyki
  • Ten quiz został rozwiązany 6 razy
  • Średni wynik to 5 z 10
Statystyki odpowiedzi
% udziału w światowym eksporcie Państwo % Poprawnych
16,2% Arabia Saudyjska
100%
9,14% Rosja
100%
8,16% USA
75%
7,62% Irak
50%
8,48% Kanada
50%
4,31% Kuwejt
50%
3,28% Kazachstan
25%
4,06% Norwegia
25%
7,24% UAE
25%
3,59% Nigeria
0%
Nie znaleziono quizów pasujących do podanych kryteriów
Rozkład punktacji
Procent ludzi z każdym wynikiem
Percentyl według liczby udzielonych odpowiedzi
Twoja historia wyników
Nie rozwiązałeś tego quizu